| 000 | 01104cam a2200337 4500 | ||
|---|---|---|---|
| 999 |
_c23409 _d23409 |
||
| 001 | vtls012054214 | ||
| 005 | 20221010082459.0 | ||
| 008 | 210514s2021 xo er 000 f slo | ||
| 020 |
_a9788056908556 _q(viazané) |
||
| 040 |
_aTVZK _bslo _cTVZK _dSNK _erda |
||
| 041 | 0 | _aslo | |
| 044 |
_axo _cSK |
||
| 072 | 7 |
_a821.162.4-3 _xSlovenská próza _2konspekt |
|
| 080 |
_a821.162.4-31 _22011 |
||
| 080 |
_a(0:82-312.5) _22011 |
||
| 100 | 1 |
_aZezulová, Barbora _d1993- _4aut _93632 |
|
| 245 | 1 | 0 |
_aKúsok z teba _cBarbora Zezulová |
| 250 | _aPrvé vydanie | ||
| 264 | 1 |
_aBratislava _bMarenčin PT _c2021 |
|
| 300 |
_a157 strán _c21 cm |
||
| 336 |
_atext _btxt _2rdacontent |
||
| 337 |
_abez média _bn _2rdamedia |
||
| 338 |
_azväzok _bnc _2rdacarrier |
||
| 500 | _aObsahuje biografické údaje o autorke na záložke prebalu publikácie | ||
| 655 | 7 |
_aslovenské romány _2SNKPH _91694 |
|
| 655 | 7 |
_aSlovak fiction _2SNKPHeng _91695 |
|
| 655 | 7 |
_aľúbostné romány _2SNKPH _913 |
|
| 655 | 7 |
_aLove novels _2SNKPHeng _91667 |
|
| 958 | _aLX | ||